00623nam a2200181Ia 4500001001800000002002400018008003700042010001100079650003600090650004800126650003100174650005000205700003400255700003400289710007900323942002000402999001900422IA_BF233 S46 1996SENSORY TESTING METHODS220117s xx 000 0 und d a184646 aEvaluación sensorial 938915 aSenses and sensation xx Testing 9157515 aSensory evaluation9147012 aSentidos y sensaciones xx Pruebas 9157516 aChambers, Edgar, ed. 9157517 aWolf, Mona Baker, ed.9157518 aASTM Committee E18 on Sensory Evaluation of Materials and Products9157519 c664.07 S46 1996 c184646d184646